Giáo trình trang bị điện : (Sách dùng cho các trường đào tạo hệ Trung học chuyên nghiệp) /
Trang bị điện các máy cắt gọt kim loại; Trang bị điện các thiết bị gia nhiệt và luyện kim; Trang bị các máy nâng - vận chuyển; Trang bị điện máy nén khí, máy bơm và quạt gió.
Saved in:
| Main Author: | |
|---|---|
| Format: | Book |
| Language: | Vietnamese |
| Published: |
Hà Nội :
Giáo dục,
2004.
|
| Subjects: | |
| Tags: |
Add Tag
No Tags, Be the first to tag this record!
|
| Institutions: | Mạng thư viện Đại học Đà Nẵng |
|---|
| LEADER | 01476cam a2200361 a 4500 | ||
|---|---|---|---|
| 001 | 000044167 | ||
| 003 | 2423 | ||
| 005 | 20060327094224.0 | ||
| 008 | 010217b2004 vm 000 vie | ||
| 020 | |c 26500 | ||
| 040 | |a LRC |c LRC |d LRC | ||
| 041 | 0 | |a vie | |
| 082 | 1 | 4 | |a 621.8028 |b NG-C |
| 100 | 1 | |a Nguyễn Văn Chất. | |
| 245 | 1 | 0 | |a Giáo trình trang bị điện : |b (Sách dùng cho các trường đào tạo hệ Trung học chuyên nghiệp) / |c Nguyễn Văn Chất. |
| 260 | |a Hà Nội : |b Giáo dục, |c 2004. | ||
| 300 | |a 307 tr. : |b mh. ; |c 24 cm. | ||
| 500 | |a Sách dùng cho các trường đào tạo hệ Trung học chuyên nghiệp. | ||
| 520 | 3 | |a Trang bị điện các máy cắt gọt kim loại; Trang bị điện các thiết bị gia nhiệt và luyện kim; Trang bị các máy nâng - vận chuyển; Trang bị điện máy nén khí, máy bơm và quạt gió. | |
| 630 | 0 | 4 | |a Trang bị điện. |
| 650 | 0 | 4 | |a Kỹ thuật điện. |
| OWN | |a DUT | ||
| AVA | |a UDN50 |b DUT |c Book |d 621.8028 NG-C |e available |t Error 5001 Not defined in file expand_doc_bib_avail. |f 5 |g 0 |h N |i 6 |j SH |k 1 | ||
| 999 | |a From the UDN01 | ||
| AVA | |a UDN50 |b DUT |c Book |d 621.8028 NG-C |e available |t Error 5001 Not defined in file expand_doc_bib_avail. |f 5 |g 0 |h N |i 6 |j SH |k 1 | ||
| TYP | |a Monograph | ||
| TYP | |a Printed language | ||
| 980 | |a Mạng thư viện Đại học Đà Nẵng | ||